| 000 | 00573nam a22001937a 4500 | ||
|---|---|---|---|
| 003 | NUST | ||
| 005 | 20240215095755.0 | ||
| 008 | 190619b ||||| |||| 00| 0 eng d | ||
| 038 | _aAttaullah | ||
| 082 | _a620.1 | ||
| 100 |
_aMuhammad Mahad Shah _915083 |
||
| 245 |
_aIntake Tuning of a Diesel Engine _cMuhammad Mahad Shah |
||
| 260 |
_aIslamabad _bSMME NUST _c2017 |
||
| 300 |
_a58 p. _c30cm. |
||
| 610 | _2Mechanical Engineering - MS Thesis | ||
| 700 |
_a Dr Emad ud Din _916109 |
||
| 856 | _uhttp://10.250.8.41:8080/xmlui/handle/123456789/12875 | ||
| 942 |
_2ddc _cTHE |
||
| 999 |
_c524275 _d524275 |
||